Función de gala en el Palacio Güell-Comillas
Colección:
San Jorge,
; núm. 14 (abril 1954), pàg 118
Idioma:
Español
MARC
| LEADER | 00000naa a2200000 a 4500 | ||
|---|---|---|---|
| 003 | Arxiu | ||
| 005 | 20260324181038.0 | ||
| 008 | 160829s1954 spcaxx s spa c | ||
| 040 | |a agdb | ||
| 245 | 0 | 0 | |a Función de gala en el Palacio Güell-Comillas |
| 490 | |a San Jorge, |v núm. 14 (abril 1954), pàg 118 | ||
| 610 | 2 | 0 | |a Palau Güell (Barcelona) |9 17034 |
| 650 | 0 | |a Concerts |9 40590 | |
| 773 | |g Núm. 14 (abril 1954), pàg 118 |t San Jorge. | ||
| 901 | |a Arxiu | ||
| 942 | |n 1 |2 udc |c ART | ||
| 952 | |0 0 |1 0 |4 0 |6 REV509 |7 1 |9 64819 |a Arxiu |b Arxiu |d 2022-12-14 |l 0 |o Rev-509 |r 2022-12-14 00:00:00 |w 2022-12-14 |y ARXIU | ||
| 999 | |c 48771 |d 48771 | ||